000
00303nam a2200133Ia 4500
005
20251222143231.0
008
251222s9999||||xx |||||||||||||| ||spa||
020
_a
88-7715-261-3
082
_a
458/D23
100
_a
Damesi, Marcel
245
0
_a
Il Cervello in Aula.
264
_b
Guerra
942
_c
LIB
999
_c
14201
_d
14201